| 000 | 00587nam a22001697a 4500 | ||
|---|---|---|---|
| 999 |
_c130538 _d130538 |
||
| 008 | 201021b ||||| |||| 00| 0 eng d | ||
| 020 | _a9780954905118 | ||
| 050 | _aRA644.A25 S822 | ||
| 100 |
_aSteinitz, Lucy Y. _949987 |
||
| 245 |
_aMaking it happen: _ba guide to help your congregation do HIV/AIDS work _c/ by Lucy Y. Steinitz |
||
| 260 |
_aOxford: _bStrategies for hope, _c2005. |
||
| 300 |
_a44p. ; _c30cm. |
||
| 440 |
_aCalled to care _nno. 2 _949988 |
||
| 650 |
_aAIDS (Disease) _xAfrican _949989 |
||
| 650 |
_aPastoral works with AIDS patients _949990 |
||
| 942 |
_2lcc _cMONOGRAPH |
||